000
00339nam a22001577a 4500
003
SGT
020
_a
1-25-900496-1
082
_a
641
_b
AND
100
_a
ANDREWS, SUDHIR
245
_a
FOOD & BEVERAGE SERVICE
250
_a
3RD
260
_a
DELHI
_b
MC GRAW HILL
_c
2023
300
_a
379
650
_a
FOOD & BEVERAGE
942
_2
ddc
_c
BK
999
_c
28601
_d
28601